| 000 | 00476 a2200169 4500 | ||
|---|---|---|---|
| 001 | 067067 | ||
| 003 | OSt | ||
| 005 | 20211026165605.0 | ||
| 008 | |||
| 082 |
_a005.133 _bK13D |
||
| 100 | 1 | _aKanetkar, Yashwant | |
| 245 | 1 |
_aData structures through C _cby Yashwant Kanetkar |
|
| 260 |
_aNew Delhi _bBPB Publictions _c2009 |
||
| 300 | _a647p. | ||
| 690 | _aC (Computer program language); Data structures (Computer science) | ||
| 942 |
_2ddc _cBK |
||
| 999 |
_c1051 _d1051 |
||